| 000 | 00391nam a2200169Ia 4500 | ||
|---|---|---|---|
| 003 | 0100 | ||
| 008 | 130303s9999 xx 000 0 und d | ||
| 040 | _cARRUPELIB | ||
| 050 | _aBL2400.P371976 | ||
| 100 | _aParrinder, Geoffrey | ||
| 245 | _aAfrican Traditional Religion | ||
| 260 | _aWestport, Coonecticut | ||
| 260 | _bGreenwood PR | ||
| 260 | _C1976 | ||
| 300 | _a156p | ||
| 942 | 0 | 0 | _028 |
| 999 |
_c28609 _d28609 |
||